[Event "XXVIII C.to Italiano a squadre"]
[Site "ITA"]
[Date "1996.??.??"]
[Round "?"]
[White "Ciancarini, Paolo"]
[Black "Stornelli, Vincenzo"]
[WhiteElo "1977"]
[BlackElo "2175"]
[Result "1-0"]
[PlyCount "51"]
[EventDate "1996.02.25"]

1. e4 e5 2. Nf3 Nf6 3. Nxe5 d6 4. Nf3 Nxe4 5. Qe2 Qe7 6. d3 Nf6 7. Bg5 Qxe2+ 8.
Bxe2 Be7 9. Nc3 c6 10. Ne4 Nxe4 11. dxe4 Bxg5 12. Nxg5 h6 13. Nf3 Be6 14. Nd4
Nd7 15. O-O-O Ke7 16. f4 Nc5 17. f5 Bc8 18. Bf3 Nd7 19. Rd2 Ne5 20. Be2 g6 21.
g4 b6 22. h3 Bb7 23. Nf3 c5 24. Nxe5 dxe5 25. Rhd1 Rad8 26. f6+ 1-0

[Event "XXVIII C.to Italiano a squadre"]
[Site "ITA"]
[Date "1996.??.??"]
[Round "?"]
[White "Cicioni, Luigi"]
[Black "Castelluzzo, Salvatore"]
[WhiteElo "1528"]
[BlackElo "1800"]
[Result "1-0"]
[PlyCount "89"]
[EventDate "1996.02.25"]

1. e4 d6 2. d4 Nf6 3. Nc3 c6 4. Bg5 Nbd7 5. a4 Qa5 6. Qd2 e5 7. d5 Be7 8. Nf3
O-O 9. Bd3 Nc5 10. O-O Bg4 11. dxc6 bxc6 12. Nd5 Qd8 13. Nxe7+ Qxe7 14. Nh4 Be6
15. f4 Nxd3 16. cxd3 h6 17. fxe5 Nxe4 18. Bxe7 Nxd2 19. Rf2 Nb3 20. Ra3 Rfe8
21. Bxd6 g6 22. Nf3 Rac8 23. d4 g5 24. a5 g4 25. Nh4 Nxd4 26. Ra4 Nb5 27. Nf5
Kh7 28. Rxg4 Rg8 29. Rh4 Bxf5 30. Rxf5 Nxd6 31. exd6 Kg6 32. Rf3 Rgd8 33. Rg4+
Kh5 34. h3 Rg8 35. Rxg8 Rxg8 36. Rxf7 Rd8 37. Rxa7 Rxd6 38. a6 Rd1+ 39. Kh2 Ra1
40. Ra8 Ra2 41. a7 c5 42. Kg3 Ra6 43. Kf4 Kh4 44. Ke5 Kg3 45. Rg8+ 1-0

[Event "XXVIII C.to Italiano a squadre"]
[Site "ITA"]
[Date "1996.??.??"]
[Round "?"]
[White "Citrioli, Mirko"]
[Black "Mogranzini, Roberto"]
[WhiteElo "1678"]
[BlackElo "1771"]
[Result "1-0"]
[PlyCount "151"]
[EventDate "1996.02.25"]

1. e4 c5 2. Nf3 d6 3. d4 cxd4 4. Nxd4 Nf6 5. Nc3 a6 6. Bg5 e6 7. f4 Be7 8. Qf3
Qc7 9. g4 Nbd7 10. O-O-O h6 11. Bxf6 Nxf6 12. Nb3 b5 13. Bd3 Bb7 14. h4 O-O-O
15. Rhe1 Nd7 16. g5 hxg5 17. hxg5 Nc5 18. Re3 Kb8 19. Qe2 Nxb3+ 20. axb3 Qa5
21. Kb1 Rc8 22. Qd2 b4 23. Na2 d5 24. exd5 Bxd5 25. Be4 Rcd8 26. Qe1 Bxe4 27.
Rxe4 Rxd1+ 28. Qxd1 Qb5 29. g6 Qc6 30. Qe2 Rh1+ 31. Nc1 fxg6 32. Rxe6 Bd6 33.
Qd2 Kc7 34. Rxg6 Qd7 35. Qg2 Qc6 36. Rxg7+ Kb6 37. Qd2 Rf1 38. Rf7 Qc5 39. c3
bxc3 40. bxc3 Rf2 41. Qe1 Rxf4 42. Rxf4 Bxf4 43. Nd3 Qe3 44. Qxe3+ Bxe3 45. Kc2
a5 46. c4 Bd4 47. Nf4 Be5 48. Nd3 Bd4 49. Kd2 a4 50. b4 a3 51. Nc1 Be5 52. Kc2
Bf4 53. Na2 Be5 54. Nc3 Kc6 55. Kb3 Bg7 56. Nb1 a2 57. Kxa2 Bf8 58. Kb3 Bg7 59.
Nc3 Bf6 60. Ka4 Be7 61. Kb3 Bf8 62. Na4 Be7 63. b5+ Kc7 64. c5 Bf8 65. Kc4 Be7
66. Kd5 Bf8 67. b6+ Kc8 68. c6 Bh6 69. Nc5 Bf4 70. Na6 Kd8 71. b7 Bg3 72. b8=Q+
Bxb8 73. Nxb8 Kc7 74. Na6+ Kb6 75. c7 Ka7 76. c8=R 1-0

[Event "XXVIII C.to Italiano a squadre"]
[Site "ITA"]
[Date "1996.??.??"]
[Round "?"]
[White "Corso, Sergio"]
[Black "Moncher, Stefano"]
[WhiteElo "2089"]
[BlackElo "2200"]
[Result "0-1"]
[PlyCount "66"]
[EventDate "1996.02.25"]

1. b3 Nf6 2. Bb2 g6 3. g4 h6 4. Bg2 d5 5. h3 Bg7 6. e3 O-O 7. f4 c5 8. Nf3 Nc6
9. Ne5 Nh7 10. Nxc6 bxc6 11. Bxg7 Kxg7 12. O-O Qd6 13. Nc3 f5 14. gxf5 Bxf5 15.
d4 Nf6 16. Rf2 Rac8 17. Qd2 Rf7 18. Re1 Rcf8 19. Na4 g5 20. Nxc5 g4 21. hxg4
Nxg4 22. Rf3 Rg8 23. Rg3 Kf8 24. Bf3 Rfg7 25. Rg2 h5 26. Ree2 h4 27. Bxg4 Bxg4
28. Ref2 h3 29. Rg3 Bf5 30. Rxg7 Rxg7+ 31. Kh2 Qg6 32. Qe1 Qg3+ 33. Kh1 h2 0-1

[Event "XXVIII C.to Italiano a squadre"]
[Site "ITA"]
[Date "1996.??.??"]
[Round "?"]
[White "Crispi, Guido"]
[Black "Piantoni, Roberto"]
[WhiteElo "2005"]
[BlackElo "2170"]
[Result "1/2-1/2"]
[PlyCount "125"]
[EventDate "1996.02.25"]

1. d4 Nf6 2. c4 c5 3. d5 b5 4. a4 bxc4 5. Nc3 g6 6. e4 d6 7. Bxc4 Bg7 8. h3 O-O
9. Nf3 Na6 10. O-O Nb4 11. Qe2 Nd7 12. Bf4 Nb6 13. e5 Nxc4 14. Qxc4 Ba6 15. Nb5
dxe5 16. Bxe5 Qxd5 17. Qxd5 Nxd5 18. Bxg7 Kxg7 19. Rfd1 e6 20. Ne5 Rfb8 21. Nd7
Rc8 22. Rdc1 c4 23. Ne5 Bxb5 24. axb5 Rc5 25. Rxc4 Rxb5 26. Nd3 Rb3 27. Rd4 a6
28. Kf1 Rab8 29. Rxa6 Rxd3 30. Rxd3 Nb4 31. Rda3 Nxa6 32. Rxa6 Rxb2 33. h4 Kf6
34. Ra7 Rb5 35. g3 h6 36. Ke2 Rf5 37. Kf1 g5 38. hxg5+ hxg5 39. Kg2 g4 40. Ra8
Rg5 41. Ra7 Kg6 42. Ra6 Re5 43. Ra7 f5 44. Ra6 Kf6 45. Ra7 Rd5 46. Ra8 Rd2 47.
Ra6 Ke5 48. Ra5+ Ke4 49. Ra6 e5 50. Ra4+ Rd4 51. Ra5 Rc4 52. Rb5 f4 53. gxf4
exf4 54. Rb8 Rc5 55. Rb4+ Kf5 56. Rb8 Re5 57. Rf8+ Kg5 58. Rg8+ Kh4 59. Rh8+
Rh5 60. Rg8 f3+ 61. Kh2 Rh7 62. Rg6 Re7 63. Rg8 1/2-1/2

[Event "XXVIII C.to Italiano a squadre"]
[Site "ITA"]
[Date "1996.??.??"]
[Round "?"]
[White "Cugini, Verter"]
[Black "Trombettoni, Andrea"]
[WhiteElo "2260"]
[BlackElo "1743"]
[Result "1-0"]
[PlyCount "57"]
[EventDate "1996.02.25"]

1. e4 c5 2. g3 Nc6 3. Bg2 g6 4. Ne2 Bg7 5. c3 d6 6. O-O e5 7. d3 Nge7 8. Be3 b6
9. d4 O-O 10. d5 Nb8 11. f4 Nd7 12. Nd2 f5 13. Nc4 Qc7 14. fxe5 Nxe5 15. Nxe5
Bxe5 16. Nf4 fxe4 17. Bxe4 Nf5 18. Bd2 Bxf4 19. Bxf4 Ba6 20. Re1 Rae8 21. Bxf5
gxf5 22. Bh6 Rxe1+ 23. Qxe1 Rd8 24. Bg5 Rd7 25. Qe8+ Kg7 26. Re1 Rf7 27. Re6 h5
28. Rh6 Rf8 29. Qg6# 1-0

[Event "XXVIII C.to Italiano a squadre"]
[Site "ITA"]
[Date "1996.??.??"]
[Round "?"]
[White "De Barberis, Massimo"]
[Black "Racioppo, Paolo"]
[WhiteElo "2130"]
[BlackElo "2225"]
[Result "0-1"]
[PlyCount "74"]
[EventDate "1996.02.25"]

1. e4 c5 2. Nf3 d6 3. d4 cxd4 4. Nxd4 Nf6 5. Nc3 a6 6. f4 Qc7 7. Bd3 g6 8. Nf3
Bg7 9. O-O Nbd7 10. Qe1 b5 11. e5 dxe5 12. fxe5 Ng4 13. Bf4 Ngxe5 14. Be4 Rb8
15. Nd5 Nxf3+ 16. Rxf3 Qc5+ 17. Kh1 Be5 18. Bxg6 Bxf4 19. Bxf7+ Kxf7 20. Rxf4+
Nf6 21. Qe5 Rb6 22. Raf1 Rf8 23. b4 Qd6 24. Qh5+ Kg7 25. Qg5+ Kh8 26. Nxb6 Qxb6
27. Qe5 Qb7 28. Rh4 Rg8 29. Rf3 Qd7 30. Rd4 Qg4 31. Rd2 Bb7 32. Qxe7 Qxf3 33.
gxf3 Bxf3+ 34. Rg2 Bxg2+ 35. Kg1 Bd5+ 36. Kf1 Bc4+ 37. Ke1 Re8 0-1

[Event "XXVIII C.to Italiano a squadre"]
[Site "ITA"]
[Date "1996.??.??"]
[Round "?"]
[White "De Eccher, Stefano"]
[Black "Bresciani, Brunetto"]
[WhiteElo "2280"]
[BlackElo "1600"]
[Result "1/2-1/2"]
[PlyCount "95"]
[EventDate "1996.02.25"]

1. e4 c5 2. Nf3 d6 3. d4 cxd4 4. Nxd4 Nf6 5. Nc3 a6 6. Bc4 e6 7. Bb3 b5 8. O-O
Be7 9. Qf3 Qc7 10. Qg3 O-O 11. Bh6 Ne8 12. Rad1 Bd7 13. a3 Nc6 14. Nxc6 Bxc6
15. Bf4 Qb7 16. f3 Rd8 17. Rfe1 a5 18. Nd5 Bxd5 19. exd5 e5 20. Be3 f5 21. Qf2
f4 22. Bb6 Ra8 23. c4 a4 24. Ba2 bxc4 25. Bxc4 Rb8 26. Ba5 Bd8 27. Bxd8 Rxd8
28. b4 axb3 29. Rb1 Nf6 30. Rxb3 Qc7 31. Rb4 Rb8 32. Reb1 Rxb4 33. Rxb4 Nd7 34.
h3 Nc5 35. Qc2 Qe7 36. Bd3 Qh4 37. Rb1 Ra8 38. Bf5 g6 39. Be6+ Kg7 40. Qc3 Kh6
41. Rb4 Qg3 42. Rc4 e4 43. fxe4 Rxa3 44. Qf6 Re3 45. Qf8+ Kg5 46. Qe7+ Kh6 47.
Qf8+ Kg5 48. Qe7+ 1/2-1/2

[Event "XXVIII C.to Italiano a squadre"]
[Site "ITA"]
[Date "1996.??.??"]
[Round "?"]
[White "De Eccher, Stefano"]
[Black "Ceschia, Ivano"]
[WhiteElo "2280"]
[BlackElo "2315"]
[Result "1-0"]
[PlyCount "53"]
[EventDate "1996.02.25"]

1. e4 c5 2. c4 Nc6 3. Nc3 g6 4. g3 Bg7 5. Bg2 a6 6. a4 Qa5 7. Nge2 h5 8. h4 Ne5
9. d3 b5 10. f4 Ng4 11. e5 Rb8 12. cxb5 axb5 13. d4 N8h6 14. dxc5 Nf5 15. Qd3
bxa4 16. Rxa4 Qxc5 17. Nd4 Ba6 18. Rxa6 Nxd4 19. b4 Nxe5 20. fxe5 Qxe5+ 21. Kf2
Nf5 22. Nd5 e6 23. Bf4 Qd4+ 24. Qxd4 Bxd4+ 25. Ke2 e5 26. Nf6+ Kd8 27. Bg5 1-0

[Event "XXVIII C.to Italiano a squadre"]
[Site "ITA"]
[Date "1996.??.??"]
[Round "?"]
[White "De Gregorio, Massimiliano"]
[Black "Blasco, Domenico"]
[WhiteElo "2140"]
[BlackElo "2210"]
[Result "1-0"]
[PlyCount "73"]
[EventDate "1996.02.25"]

1. e4 Nf6 2. d3 e5 3. f4 Nc6 4. Nf3 d5 5. exd5 Nxd5 6. fxe5 Bg4 7. Be2 Bxf3 8.
Bxf3 Qh4+ 9. g3 Qd4 10. Qe2 O-O-O 11. c3 Qxe5 12. O-O Qxe2 13. Bxe2 Be7 14. d4
Bf6 15. Bg4+ Kb8 16. Bh5 Rhf8 17. Na3 Rde8 18. Nc2 Re7 19. Bd2 Rfe8 20. Bf3 Nb6
21. Bxc6 bxc6 22. Rae1 Rxe1 23. Rxe1 Rxe1+ 24. Nxe1 c5 25. dxc5 Na4 26. Nd3 Be7
27. Be3 Kb7 28. Bd4 Kc6 29. Nb4+ Kd7 30. c6+ Ke6 31. b3 Nb6 32. Na6 Kd6 33.
Bc5+ Ke6 34. Nxc7+ Kf6 35. Ne8+ Ke6 36. Nxg7+ Kd5 37. Bxb6 1-0

[Event "XXVIII C.to Italiano a squadre"]
[Site "ITA"]
[Date "1996.??.??"]
[Round "?"]
[White "De Poi, Paolo"]
[Black "Luchsinger, Eric"]
[WhiteElo "2047"]
[BlackElo "2200"]
[Result "1-0"]
[PlyCount "59"]
[EventDate "1996.02.25"]

1. e4 e5 2. Nf3 Nf6 3. Nxe5 d6 4. Nf3 Nxe4 5. d4 d5 6. Bd3 Bd6 7. O-O O-O 8. c4
c6 9. Nc3 Nxc3 10. bxc3 Bg4 11. h3 Bh5 12. cxd5 cxd5 13. Rb1 b6 14. c4 Nc6 15.
cxd5 Nb4 16. g4 Nxd3 17. gxh5 Nf4 18. Bxf4 Bxf4 19. Qd3 Qf6 20. Rfe1 Rad8 21.
Qe4 g6 22. hxg6 hxg6 23. Rb3 Kg7 24. Rc3 Rh8 25. Rc6 Bd6 26. Kg2 Rh5 27. Ne5
Qg5+ 28. Qg4 Qd2 29. Re2 Qd1 30. Nxf7 1-0

[Event "XXVIII C.to Italiano a squadre"]
[Site "ITA"]
[Date "1996.??.??"]
[Round "?"]
[White "De Poi, Paolo"]
[Black "Vitri, Sergio"]
[WhiteElo "2047"]
[BlackElo "2105"]
[Result "1/2-1/2"]
[PlyCount "113"]
[EventDate "1996.02.25"]

1. e4 Nf6 2. e5 Nd5 3. d4 d6 4. exd6 exd6 5. c4 Nb6 6. Nc3 Nc6 7. Be3 Be7 8.
Nf3 Bg4 9. h3 Bh5 10. Be2 O-O 11. b3 Re8 12. Qd2 Qd7 13. O-O Bf6 14. Rac1 Rad8
15. Rfe1 d5 16. c5 Nc8 17. Nb5 a6 18. Na3 h6 19. Nc2 N8e7 20. g4 Bg6 21. b4 Be4
22. Kh2 Ng6 23. a4 Re7 24. g5 hxg5 25. Nxg5 Bf5 26. b5 axb5 27. axb5 Nb8 28.
Rg1 Rde8 29. Bf1 Nh4 30. Ne1 Qd8 31. Ngf3 Ng6 32. Bg5 Re6 33. Bxf6 Qxf6 34. Qg5
Nd7 35. Ra1 c6 36. b6 Be4 37. Qxf6 Nxf6 38. Ra7 Bxf3 39. Nxf3 R8e7 40. Ng5 Re1
41. Bd3 Rxg1 42. Kxg1 Kf8 43. Ra8+ Re8 44. Rxe8+ Kxe8 45. Bxg6 fxg6 46. Kg2 Ke7
47. Kf3 Nh5 48. Kg4 Nf6+ 49. Kf4 Nh5+ 50. Ke5 Nf6 51. f3 Nd7+ 52. Kf4 Nf6 53.
h4 Nh5+ 54. Ke5 Ng3 55. f4 Nf5 56. h5 Ne3 57. hxg6 1/2-1/2

[Event "XXVIII C.to Italiano a squadre"]
[Site "ITA"]
[Date "1996.??.??"]
[Round "?"]
[White "De Santis, Alessio"]
[Black "Auletta, Angelo"]
[WhiteElo "2305"]
[BlackElo "2225"]
[Result "0-1"]
[PlyCount "80"]
[EventDate "1996.02.25"]

1. d4 Nf6 2. Nf3 c5 3. e3 e6 4. Bd3 b6 5. O-O Bb7 6. Nbd2 Nc6 7. c3 Qc7 8. e4
cxd4 9. Nxd4 a6 10. Re1 d6 11. N2f3 Be7 12. Bg5 O-O 13. Qb3 Rfe8 14. Rad1 Rad8
15. a4 h6 16. Be3 Nd7 17. Nxc6 Qxc6 18. Nd4 Qc7 19. Bb1 d5 20. exd5 Bxd5 21.
Qc2 Nf6 22. f3 Bd6 23. g3 e5 24. Nf5 Bxf3 25. Nxd6 Rxd6 26. Rxd6 Qxd6 27. Qf2
Bb7 28. Bxb6 Qc6 29. Kf1 Ng4 30. Be4 Qxe4 31. Rxe4 Nxf2 32. Rc4 Nd3 33. Rc7 Bf3
34. b4 e4 35. Be3 Nb2 36. b5 Nd1 37. Bd4 e3 38. c4 e2+ 39. Ke1 Ne3 40. Bxe3
Rxe3 0-1

[Event "XXVIII C.to Italiano a squadre"]
[Site "ITA"]
[Date "1996.??.??"]
[Round "?"]
[White "Di Donna, Massimo"]
[Black "Natalucci, Fabrizio"]
[WhiteElo "2240"]
[BlackElo "2220"]
[Result "1/2-1/2"]
[PlyCount "69"]
[EventDate "1996.02.25"]

1. d3 d5 2. Nf3 c6 3. Nbd2 Nf6 4. e4 Bg4 5. Be2 e6 6. O-O Qc7 7. c3 Nbd7 8. Nd4
h5 9. f4 e5 10. fxe5 Nxe5 11. exd5 Nxd5 12. N2f3 Bd6 13. h3 Ng6 14. Ng5 Bh2+
15. Kh1 Ne5 16. Ndf3 Bf4 17. Nxe5 Qxe5 18. Bxg4 Bxg5 19. Rf5 Qe6 20. Bxg5 hxg4
21. Qxg4 g6 22. Rf4 Nxf4 23. Qxf4 Kd7 24. Rf1 Rh7 25. Qd4+ Qd5 26. Qg4+ f5 27.
Qg3 Rah8 28. Kh2 Re8 29. c4 Qe5 30. Bf4 Qxb2 31. Qxg6 Rg7 32. Qd6+ Kc8 33. Qb8+
Kd7 34. Qd6+ Kc8 35. Qb8+ 1/2-1/2

[Event "XXVIII C.to Italiano a squadre"]
[Site "ITA"]
[Date "1996.??.??"]
[Round "?"]
[White "Di Paolo, Marco"]
[Black "Sarno, Spartaco"]
[WhiteElo "1833"]
[BlackElo "2415"]
[Result "0-1"]
[PlyCount "114"]
[EventDate "1996.02.25"]

1. e4 d6 2. f4 g6 3. Nf3 Bg7 4. Nc3 Nf6 5. d4 O-O 6. Bd3 Na6 7. O-O c5 8. d5
Bg4 9. Qe1 Nb4 10. a3 Nxd3 11. cxd3 Rb8 12. Qh4 b5 13. f5 gxf5 14. Bh6 Bxh6 15.
Qxh6 Bxf3 16. Rxf3 Kh8 17. exf5 Rg8 18. Ne4 Qf8 19. Qxf8 Rbxf8 20. Nxf6 exf6
21. Re1 Re8 22. Rfe3 Re5 23. Rxe5 fxe5 24. Re4 a5 25. b3 Rg5 26. g4 h5 27. h3
hxg4 28. hxg4 Kg7 29. a4 b4 30. Kg2 Kf6 31. Kg3 Rg8 32. Re1 Rh8 33. Rf1 Rh7 34.
Rf3 Rh1 35. Kg2 Rh4 36. Rg3 Kg5 37. Kf3 Rh1 38. Rg2 Rf1+ 39. Ke3 Rh1 40. Kf3 f6
41. Rg3 Rf1+ 42. Ke2 Rb1 43. Rh3 Kxg4 44. Rh7 Kxf5 45. Rd7 Rb2+ 46. Kd1 Rxb3
47. Kc2 Rc3+ 48. Kd2 e4 49. dxe4+ Kxe4 50. Rxd6 Rd3+ 51. Ke2 Rxd5 52. Rxf6 c4
53. Re6+ Kd4 54. Kd2 Kc5+ 55. Kc2 b3+ 56. Kc3 Rd3+ 57. Kb2 Rd2+ 0-1

[Event "XXVIII C.to Italiano a squadre"]
[Site "ITA"]
[Date "1996.??.??"]
[Round "?"]
[White "Emanuelli, Renato"]
[Black "Natalucci, Fabrizio"]
[WhiteElo "2255"]
[BlackElo "2220"]
[Result "1/2-1/2"]
[PlyCount "69"]
[EventDate "1996.02.25"]

1. d4 f5 2. c4 g6 3. g3 Nf6 4. Nc3 Bg7 5. Bg2 O-O 6. Nf3 d6 7. O-O Qe8 8. d5
Na6 9. Qc2 c6 10. Nd2 cxd5 11. cxd5 Bd7 12. a3 Nc5 13. f3 Rc8 14. e4 fxe4 15.
Ndxe4 Ncxe4 16. fxe4 Ng4 17. Rxf8+ Qxf8 18. h3 Bd4+ 19. Kh1 Qf2 20. Qxf2 Nxf2+
21. Kh2 Nd3 22. Rb1 b6 23. Ne2 Bf6 24. b4 Rc2 25. Bf1 Bb5 26. Bh6 Ne5 27. Rc1
Rxc1 28. Bxc1 Bd3 29. Kg1 Bxe4 30. Bg2 Bd3 31. Nf4 Bc4 32. h4 h6 33. Kf2 g5 34.
hxg5 hxg5 35. Ne2 1/2-1/2

[Event "XXVIII C.to Italiano a squadre"]
[Site "ITA"]
[Date "1996.??.??"]
[Round "?"]
[White "Esposito, Luca"]
[Black "Alaimo, Riccardo"]
[WhiteElo "2060"]
[BlackElo "2110"]
[Result "1/2-1/2"]
[PlyCount "106"]
[EventDate "1996.02.25"]

1. d4 Nf6 2. Nf3 g6 3. c4 Bg7 4. Nc3 d5 5. cxd5 Nxd5 6. Qb3 Nxc3 7. bxc3 O-O 8.
e3 c5 9. Be2 Nc6 10. O-O Qc7 11. Ba3 b6 12. Rac1 Na5 13. Qc2 Bb7 14. Rfd1 Rfd8
15. h4 e6 16. h5 cxd4 17. cxd4 Qxc2 18. Rxc2 Rac8 19. Rdc1 Rxc2 20. Rxc2 Rc8
21. Rxc8+ Bxc8 22. hxg6 hxg6 23. Ne5 Bb7 24. Bd6 Bd5 25. a4 Bxe5 26. Bxe5 Bc4
27. Bf3 Bb3 28. Bb8 Bxa4 29. Bxa7 b5 30. Bc5 Bb3 31. Bb6 Nc4 32. Bc5 Nb2 33.
Be2 Bc4 34. Kf1 Nd3 35. Be7 Kg7 36. Bxd3 Bxd3+ 37. Ke1 f6 38. f3 Kf7 39. Bb4
Ke8 40. e4 Bc4 41. Kf2 Kd7 42. Ke3 Kc6 43. g3 Bf1 44. Bc3 f5 45. Bb4 Bc4 46.
Kf2 Bd3 47. Ke3 Bb1 48. Kf4 Bc2 49. Ke5 Kd7 50. d5 exd5 51. exd5 g5 52. g4 fxg4
53. fxg4 Bb3 1/2-1/2

[Event "XXVIII C.to Italiano a squadre"]
[Site "ITA"]
[Date "1996.??.??"]
[Round "?"]
[White "Everet, Alexandro"]
[Black "Caposciutti, Maurizio"]
[WhiteElo "2130"]
[BlackElo "2310"]
[Result "1-0"]
[PlyCount "77"]
[EventDate "1996.02.25"]

1. d4 Nf6 2. c4 a6 3. Nc3 c5 4. d5 b5 5. cxb5 axb5 6. Nxb5 Qa5+ 7. Nc3 Bb7 8.
Bd2 Qb6 9. e4 e6 10. dxe6 fxe6 11. Bd3 Nc6 12. Nf3 Nb4 13. Be3 Nxd3+ 14. Qxd3
Ba6 15. Qc2 Be7 16. O-O-O Bb7 17. Rhe1 O-O 18. Bg5 Rfb8 19. e5 Bxf3 20. gxf3
Nd5 21. Bxe7 Nxe7 22. Rxd7 Nf5 23. Qd2 Ra7 24. Rxa7 Qxa7 25. Kb1 Qc7 26. f4 Rd8
27. Qc2 h6 28. Ne4 c4 29. Rc1 Rd4 30. f3 Qb6 31. Qg2 Kh8 32. Qg6 Qc6 33. Nf6
gxf6 34. Qxf6+ Ng7 35. Qxh6+ Kg8 36. f5 Qxf3 37. f6 Nf5 38. f7+ Kxf7 39. Qf6+
1-0

[Event "XXVIII C.to Italiano a squadre"]
[Site "ITA"]
[Date "1996.??.??"]
[Round "?"]
[White "Everet, Alexandro"]
[Black "Gaggiottini, Manfredo"]
[WhiteElo "2130"]
[BlackElo "2105"]
[Result "1-0"]
[PlyCount "109"]
[EventDate "1996.02.25"]

1. d4 Nf6 2. c4 d6 3. Nc3 Nbd7 4. g3 e5 5. dxe5 Nxe5 6. Bg2 Bd7 7. Bg5 Be7 8.
Qb3 O-O 9. Nf3 Bc6 10. O-O Nxf3+ 11. Bxf3 Bxf3 12. exf3 Qc8 13. Rfe1 Bd8 14.
Re2 b6 15. Rae1 Qf5 16. Bxf6 Bxf6 17. Nd5 c6 18. Nc7 Rad8 19. Na6 d5 20. cxd5
Rxd5 21. Re8 Be5 22. Rxf8+ Kxf8 23. Qe3 g5 24. Nb4 Rb5 25. Nxc6 Bxb2 26. Nd4
Qd7 27. Nxb5 Qxb5 28. Rb1 Qe5 29. Qd3 Kg7 30. Qe4 Qc5 31. Qe2 Bd4 32. Kg2 Qc3
33. Rb3 Qa1 34. Rd3 h6 35. Qd2 Bc5 36. Rd7 a5 37. Qd5 Qf6 38. Qa8 Qb2 39. Qd5
Qf6 40. Rc7 a4 41. Rc8 Qb2 42. Rc7 Qf6 43. Rxc5 bxc5 44. Qxc5 Qb2 45. a3 Qb3
46. Qe3 Kf6 47. f4 g4 48. Qe5+ Kg6 49. f5+ Kh7 50. Qe4 h5 51. f6+ Kh6 52. h4
Qd3 53. Qf4+ Kh7 54. Qg5 Qe4+ 55. Kh2 1-0

[Event "XXVIII C.to Italiano a squadre"]
[Site "ITA"]
[Date "1996.??.??"]
[Round "?"]
[White "Falchetta, Giovanni"]
[Black "Della Lunga, Daniele"]
[WhiteElo "2205"]
[BlackElo "2225"]
[Result "1-0"]
[PlyCount "79"]
[EventDate "1996.02.25"]

1. d4 g6 2. Nf3 Bg7 3. Bf4 Nf6 4. e3 O-O 5. Nbd2 d6 6. h3 Nbd7 7. c3 c5 8. Bd3
Re8 9. e4 e5 10. dxe5 Nxe5 11. Bxe5 dxe5 12. Bc4 Be6 13. Qe2 Nh5 14. g3 a6 15.
a4 h6 16. Kf1 Qd7 17. Kg2 Rad8 18. Nb3 Qc6 19. Rhe1 b6 20. Bxe6 Qxe6 21. Nfd2
Qc8 22. Qc4 Re7 23. Nf1 a5 24. Ne3 Nf6 25. Rad1 Red7 26. Rxd7 Rxd7 27. f3 Qd8
28. Qb5 h5 29. Kf2 h4 30. g4 Bh6 31. Qe2 Bf4 32. Kg2 Bxe3 33. Qxe3 c4 34. Nc1
Rd2+ 35. Re2 Rd1 36. Rc2 Nh7 37. Qe2 Ng5 38. b3 Ne6 39. Kh2 Nf4 40. Qf2 1-0

[Event "XXVIII C.to Italiano a squadre"]
[Site "ITA"]
[Date "1996.??.??"]
[Round "?"]
[White "Ferretti, Folco"]
[Black "Bellia, Fabrizio"]
[WhiteElo "2285"]
[BlackElo "2335"]
[Result "1/2-1/2"]
[PlyCount "81"]
[EventDate "1996.02.25"]

1. e4 e5 2. Nf3 Nc6 3. Bc4 Nf6 4. d3 Be7 5. O-O O-O 6. Bb3 a5 7. c3 d5 8. Nbd2
Be6 9. Ba4 dxe4 10. dxe4 Nd7 11. Qe2 f6 12. Rd1 Qe8 13. Nf1 Nb6 14. Bb3 Qf7 15.
Bxe6 Qxe6 16. Be3 Nc4 17. b3 Nd6 18. Qc2 Qg4 19. Ng3 b6 20. Ne1 Qe6 21. Nd3
Rfd8 22. c4 Nb7 23. c5 Nd4 24. Bxd4 Rxd4 25. cxb6 cxb6 26. Nf5 Rd7 27. Nxe7+
Qxe7 28. Qc4+ Kh8 29. Rac1 Rad8 30. Nb2 Nc5 31. g3 h6 32. Rxd7 Rxd7 33. Rd1
Rxd1+ 34. Nxd1 Qd6 35. Nc3 Qd2 36. Nd5 Qe1+ 37. Kg2 Kh7 38. Nxf6+ gxf6 39. Qf7+
Kh8 40. Qf8+ Kh7 41. Qf7+ 1/2-1/2

[Event "XXVIII C.to Italiano a squadre"]
[Site "ITA"]
[Date "1996.??.??"]
[Round "?"]
[White "Fiore, Mario"]
[Black "Abatino, Maurizio"]
[WhiteElo "2340"]
[BlackElo "2335"]
[Result "1/2-1/2"]
[PlyCount "59"]
[EventDate "1996.02.25"]

1. e4 e6 2. d4 d5 3. Nd2 dxe4 4. Nxe4 Bd7 5. Nf3 Bc6 6. Bd3 Nd7 7. O-O Ngf6 8.
Neg5 Bd6 9. Re1 h6 10. Nh3 Bxf3 11. Qxf3 c6 12. Nf4 O-O 13. Nh5 Nxh5 14. Qxh5
Qf6 15. Qg4 Rfe8 16. Be3 Rad8 17. Rad1 Nf8 18. h4 Bb8 19. c3 Rd5 20. g3 Red8
21. Be4 R5d7 22. Kg2 Kh8 23. Re2 Nh7 24. Bc2 Qe7 25. Ree1 Nf8 26. a3 a6 27. Qh5
Rd5 28. Qg4 Ba7 29. f4 Nh7 30. Qf3 1/2-1/2

[Event "XXVIII C.to Italiano a squadre"]
[Site "ITA"]
[Date "1996.??.??"]
[Round "?"]
[White "Gaggiottini, Manfredo"]
[Black "Pierbattisti, Giorgio"]
[WhiteElo "2105"]
[BlackElo "1654"]
[Result "1-0"]
[PlyCount "50"]
[EventDate "1996.02.25"]

1. e4 c5 2. Nf3 e6 3. d4 cxd4 4. Nxd4 a6 5. Nc3 Qc7 6. Be2 Nf6 7. O-O Nc6 8.
Bg5 Nxd4 9. Qxd4 Bc5 10. Qd2 b5 11. Bf4 e5 12. Bg5 Bb4 13. Nxb5 axb5 14. Qxb4
Ra4 15. Qxb5 Rxe4 16. Bf3 Rc4 17. Rfe1 Rc5 18. Qd3 O-O 19. Bxf6 gxf6 20. Be4
Re8 21. Bxh7+ Kf8 22. Rad1 d5 23. Qf3 Qc6 24. c3 Bb7 25. Qg3 Qc7 1-0

[Event "XXVIII C.to Italiano a squadre"]
[Site "ITA"]
[Date "1996.??.??"]
[Round "?"]
[White "Genovese, Maurizio"]
[Black "Abatino, Maurizio"]
[WhiteElo "2265"]
[BlackElo "2335"]
[Result "1-0"]
[PlyCount "59"]
[EventDate "1996.02.25"]

1. d4 Nf6 2. c4 e6 3. Nc3 Bb4 4. e3 O-O 5. Bd3 c5 6. Nge2 b6 7. O-O Nc6 8. a3
Bxc3 9. bxc3 Ba6 10. Ng3 Na5 11. dxc5 bxc5 12. Qe2 d5 13. e4 dxc4 14. Bc2 e5
15. Bg5 Qb6 16. f4 Nd7 17. Rad1 Bb5 18. Be7 Rfe8 19. Rd6 Qc7 20. Nf5 Nf8 21.
Bxf8 Rxf8 22. fxe5 Rae8 23. Qg4 g6 24. Nh6+ Kh8 25. Qf4 Qe7 26. Nxf7+ Rxf7 27.
Qxf7 Qxe5 28. Qf6+ Qxf6 29. Rdxf6 Kg8 30. Rf7 1-0

[Event "XXVIII C.to Italiano a squadre"]
[Site "ITA"]
[Date "1996.??.??"]
[Round "?"]
[White "Grassi, Mario"]
[Black "Di Donna, Massimo"]
[WhiteElo "2181"]
[BlackElo "2240"]
[Result "0-1"]
[PlyCount "64"]
[EventDate "1996.02.25"]

1. Nf3 d5 2. c4 c6 3. g3 Nf6 4. Bg2 Bf5 5. O-O e6 6. b3 Nbd7 7. d3 h6 8. Bb2
Bh7 9. Re1 Be7 10. Nc3 O-O 11. cxd5 cxd5 12. Nd2 Rc8 13. Rc1 Re8 14. a3 Bc5 15.
Nf3 a5 16. Na4 Bf8 17. Nd4 Nc5 18. Nxc5 Bxc5 19. e3 Qb6 20. Bf1 Bg6 21. Be2 Nd7
22. a4 Bxd4 23. Rxc8 Rxc8 24. Bxd4 Qb4 25. Qa1 e5 26. Bb2 Rc2 27. Kf1 Qxb3 28.
Bxe5 Rxe2 29. Rxe2 Nxe5 30. e4 Nxd3 31. exd5 Qxd5 32. Qc3 Qh1# 0-1

[Event "XXVIII C.to Italiano a squadre"]
[Site "ITA"]
[Date "1996.??.??"]
[Round "?"]
[White "Hitzgerova, Gabriela"]
[Black "Bianco, Valerio"]
[WhiteElo "2155"]
[BlackElo "2215"]
[Result "1/2-1/2"]
[PlyCount "60"]
[EventDate "1996.02.25"]

1. e4 Nc6 2. d4 e5 3. d5 Nce7 4. c4 Ng6 5. Be3 Nf6 6. Bd3 Bb4+ 7. Nd2 c6 8. a3
Be7 9. f3 O-O 10. Ne2 b5 11. Nc3 Bb7 12. Qb3 bxc4 13. Bxc4 cxd5 14. Nxd5 Bxd5
15. Bxd5 Nxd5 16. Qxd5 Bg5 17. Nc4 Bxe3 18. Nxe3 Qb6 19. Qd2 Nf4 20. O-O d5 21.
exd5 Nxd5 22. Qxd5 Qxe3+ 23. Kh1 Rad8 24. Qa5 f6 25. Rac1 Rd7 26. Qc5 Qb3 27.
Qc4+ Qxc4 28. Rxc4 Rd2 29. Rc7 Rf7 30. Rc8+ Rf8 1/2-1/2

[Event "XXVIII C.to Italiano a squadre"]
[Site "ITA"]
[Date "1996.??.??"]
[Round "?"]
[White "Iannaccone, Ernesto"]
[Black "D'Amore, Carlo"]
[WhiteElo "2375"]
[BlackElo "2460"]
[Result "0-1"]
[PlyCount "68"]
[EventDate "1996.02.25"]

1. d4 d6 2. e4 g6 3. Nf3 Bg7 4. Nc3 a6 5. a4 Bg4 6. Be2 Nc6 7. d5 Bxf3 8. gxf3
Nb8 9. f4 c5 10. h4 h5 11. Qd3 Nd7 12. Rg1 Bf6 13. e5 dxe5 14. f5 e4 15. Qg3
gxf5 16. Qxg8+ Rxg8 17. Rxg8+ Nf8 18. Bh6 Qb6 19. Rxf8+ Kd7 20. Rxa8 Qxb2 21.
Nd1 Qxa1 22. Bxh5 Bc3+ 23. Kf1 Be5 24. f4 Bc7 25. Ke2 Qc1 26. Ne3 Ba5 27. Nxf5
Qxc2+ 28. Kf1 Qd3+ 29. Kg2 e3 30. Nxe3 Qxe3 31. Bxf7 Qe2+ 32. Kh1 Qf1+ 33. Kh2
Qf2+ 34. Kh3 Be1 0-1